| 000 | 00633nam a2200205 i 4500 | ||
|---|---|---|---|
| 001 | 102650 | ||
| 003 | ES-MaACL | ||
| 005 | 20230906183142.0 | ||
| 007 | t| | ||
| 008 | 051124s1976 xxu ||||1| spa d | ||
| 080 | _a821.134.2(729.5)-14"19" | ||
| 100 | 1 |
_aArana-Soto, S. _922263 |
|
| 245 | 1 | 0 |
_aAguas desnudas y otras intemperies / _cSalvador Arana Soto. |
| 260 |
_aBoston : _bFlorentia Publishers, _c1976. |
||
| 300 |
_a115 p. ; _c18 cm. |
||
| 490 | 1 | _aPoesía contemporánea puertorriqueña | |
| 830 | 0 |
_aPoesía contemporánea puertorriqueña _9232529 |
|
| 852 |
_aES-MaACL _jE-11168 _bR.136860 |
||
| 999 |
_c102650 _d102650 |
||